[Event "SR 1. liga zapad 2011/2012"]
[Site "?"]
[Date "2011.11.12"]
[Round "3.5"]
[White "Briestensky, Rastislav"]
[Black "Bury, Rastislav"]
[Result "1-0"]
[WhiteElo "2300"]
[BlackElo "2173"]
[PlyCount "73"]
[EventDate "2011.??.??"]

1. e4 e5 2. Nf3 Nc6 3. Bb5 a6 4. Bxc6 dxc6 5. d4 exd4 6. Qxd4 Qxd4 7. Nxd4 Bd7
8. Nc3 O-O-O 9. Bg5 f6 10. Be3 Bb4 11. Nde2 Ne7 12. a3 Bd6 13. O-O-O f5 14. Bd4
fxe4 15. Nxe4 Nf5 16. Bc5 Rhe8 17. Bxd6 Rxe4 18. Ng3 Nxd6 19. Rxd6 cxd6 20.
Nxe4 Bf5 21. Ng3 Bg6 22. f4 Rf8 23. Rf1 Kd7 24. Kd2 a5 25. f5 Bf7 26. Ne4 Bd5
27. Nc3 Bc4 28. Rf4 d5 29. b3 Ba6 30. g4 Kd6 31. b4 axb4 32. axb4 h5 33. h3 g6
34. fxg6 Rxf4 35. g7 d4 36. b5 dxc3+ 37. Ke3 1-0

[Event "SR 1. liga zapad 2011/2012"]
[Site "?"]
[Date "2011.11.12"]
[Round "3.5"]
[White "Gasa, Andrej"]
[Black "Certek, Pavel"]
[Result "0-1"]
[WhiteElo "2257"]
[BlackElo "2322"]
[PlyCount "84"]
[EventDate "2011.??.??"]

1. e4 c5 2. Nf3 Nc6 3. d4 cxd4 4. Nxd4 g6 5. Nc3 Bg7 6. Be3 Nf6 7. Nxc6 bxc6 8.
Be2 O-O 9. O-O d5 10. exd5 Nxd5 11. Nxd5 cxd5 12. c3 e5 13. Qd2 f5 14. f4 e4
15. Bd4 Bxd4+ 16. Qxd4 Rb8 17. b3 Qb6 18. Rfd1 Be6 19. Kf2 Rfc8 20. Rac1 Rc7
21. Ke3 Qa5 22. Rc2 Rbc8 23. Rdc1 Bf7 24. g3 Qa3 25. h4 Qe7 26. Rh1 h6 27. Rhc1
Kh7 28. Rh1 Bg8 29. Rd1 Rc5 30. Rdc1 Qb7 31. Rf1 Bf7 32. Rfc1 Kg8 33. Kd2 Be6
34. Qf6 Bf7 35. Qd4 Qe7 36. Ke3 Be6 37. Ba6 Rb8 38. Be2 Kf7 39. Qe5 d4+ 40.
Qxd4 Rd5 41. Qc4 Rdd8 42. Qc6 Rb6 0-1

[Event "SR 1. liga zapad 2011/2012"]
[Site "?"]
[Date "2011.11.12"]
[Round "3.5"]
[White "Jozefek, Michal"]
[Black "Travenec, Igor"]
[Result "0-1"]
[WhiteElo "1910"]
[BlackElo "2196"]
[PlyCount "132"]
[EventDate "2011.??.??"]

1. d4 Nf6 2. c4 e6 3. Nf3 d5 4. g3 c6 5. Bg2 Nbd7 6. Nc3 Be7 7. O-O O-O 8. b3
Ne4 9. Qc2 f5 10. Bb2 Qe8 11. Ne5 Nxe5 12. dxe5 Qh5 13. Nxe4 fxe4 14. Rad1 Bd7
15. Bxe4 Be8 16. Bg2 Bg6 17. Qc3 Bf5 18. Rd2 Bh3 19. Bxh3 Qxh3 20. e3 Rf3 21.
Rfd1 Raf8 22. Qd3 b6 23. Qf1 Qf5 24. Qg2 Bb4 25. Re2 Bc5 26. Bd4 Qe4 27. Rdd2
Bb4 28. Rc2 Qg6 29. Bb2 Bc5 30. Bd4 Be7 31. cxd5 exd5 32. Ba1 Qe6 33. Qf1 h5
34. Qd1 h4 35. Qd4 hxg3 36. hxg3 Qh3 37. Qd1 Bg5 38. Qf1 Qg4 39. Qg2 c5 40. Re1
d4 41. exd4 cxd4 42. e6 Be3 43. fxe3 Rxg3 44. Bxd4 Re8 45. Be5 Rxg2+ 46. Rxg2
Qxe6 47. Rxg7+ Kh8 48. Bd4 Rg8 49. Rxg8+ Kxg8 50. Re2 Kf8 51. Rg2 Qe4 52. Rf2+
Ke7 53. Kf1 Ke6 54. Ke2 Qc2+ 55. Ke1 Qb1+ 56. Ke2 Qxa2+ 57. Kf3 Qxb3 58. Ke4
Qb1+ 59. Kf3 a5 60. Rb2 Qf5+ 61. Ke2 b5 62. Kd2 b4 63. Rc2 Qf2+ 64. Kc1 Qe1+
65. Kb2 a4 66. Rh2 Kd5 0-1

[Event "SR 1. liga zapad 2011/2012"]
[Site "?"]
[Date "2011.11.12"]
[Round "3.5"]
[White "Pericka, Tomas"]
[Black "Hudec, Jan"]
[Result "0-1"]
[WhiteElo "2008"]
[BlackElo "2009"]
[PlyCount "110"]
[EventDate "2011.??.??"]

1. e4 c5 2. Nf3 e6 3. c3 Nf6 4. e5 Nd5 5. c4 Nb4 6. Nc3 N8c6 7. a3 Na6 8. d3 d5
9. Bg5 Qd7 10. Be2 b6 11. Qa4 Nc7 12. Rc1 d4 13. Nb5 Nxb5 14. Qxb5 a6 15. Qb3
Qc7 16. Bh4 Bd7 17. Bg3 Be7 18. O-O h6 19. Rce1 O-O 20. Nd2 Na5 21. Qd1 b5 22.
f4 Qb6 23. Bf3 Rac8 24. b3 Qd8 25. Be4 Bh4 26. Rf3 Bxg3 27. Rxg3 f5 28. exf6
Rxf6 29. Qg4 Qf8 30. Nf3 Nxb3 31. Ne5 Be8 32. Qd1 Na5 33. Ng4 bxc4 34. Nxf6+
Qxf6 35. dxc4 Nxc4 36. Qb3 Ne3 37. Qb7 Rd8 38. Qc7 c4 39. Rxg7+ Qxg7 40. Qxd8
Qd7 41. Qf6 Ng4 42. Qh4 h5 43. Rb1 d3 44. Qg5+ Kf8 45. Qc5+ Qe7 46. Qd4 e5 47.
fxe5 Qxe5 48. Rf1+ Ke7 49. Qa7+ Bd7 50. g3 Qxe4 51. Qc5+ Ke6 52. Rf4 Qe1+ 53.
Rf1 Qe3+ 54. Qxe3+ Nxe3 55. Re1 d2 0-1

[Event "SR 1. liga zapad 2011/2012"]
[Site "?"]
[Date "2011.11.12"]
[Round "3.5"]
[White "Polasek, Filip"]
[Black "Petran, Peter"]
[Result "0-1"]
[WhiteElo "2123"]
[BlackElo "2297"]
[PlyCount "40"]
[EventDate "2011.??.??"]

1. e4 c6 2. d4 d5 3. Nc3 dxe4 4. Nxe4 Nf6 5. Nxf6+ gxf6 6. Ne2 Bf5 7. Ng3 Bg6
8. h4 h5 9. Be2 Nd7 10. c3 Qa5 11. Qb3 Qc7 12. Bd2 e5 13. O-O Bd6 14. Rac1
O-O-O 15. Bf3 f5 16. Bg5 e4 17. Bxd8 Qxd8 18. Nxe4 fxe4 19. Bxe4 Qxh4 20. g3
Bxe4 0-1

[Event "SR 1. liga zapad 2011/2012"]
[Site "?"]
[Date "2011.11.12"]
[Round "3.5"]
[White "Ruckschloss, Karol"]
[Black "Hecko, Dusan"]
[Result "1-0"]
[WhiteElo "2290"]
[BlackElo "2123"]
[Annotator "Hecko"]
[PlyCount "77"]
[EventDate "2011.??.??"]

{A53: Old Indian Defence without Nf3} 1. c4 Nf6 2. d4 d6 3. Nc3 Nbd7 4. e4 e5
5. d5 Be7 6. Bd3 O-O 7. Nge2 Re8 8. f3 ({kniz. Fritz} 8. Ng3 Nf8 9. O-O Ng6 10.
Nf5 Bf8) 8... Nf8 9. Be3 h6 10. Qd2 N6h7 11. g3 Bg5 12. f4 exf4 13. gxf4 Bh4+
14. Ng3 Bg4 $11 15. Qf2 Nf6 16. Kd2 N8d7 (16... a5 $142 $11) 17. h3 $16 Bh5 18.
Qg2 Bxg3 19. Qxg3 g6 20. Rae1 c6 21. Bd4 cxd5 (21... c5 $5 22. Bf2 Qc7 $16) 22.
exd5 $18 Rxe1 23. Rxe1 Kh7 $2 (23... Nc5 $18) 24. f5 Qf8 25. fxg6+ Bxg6 26.
Bxg6+ fxg6 27. Re6 $18 Re8 28. Qxd6 Rxe6 29. Qxe6 Qg7 30. Kc2 g5 31. Kb3 b6 32.
Ne4 Kg6 33. Ng3 Qf7 34. Qf5+ Kg7 35. Ne4 Nc5+ 36. Nxc5 bxc5 37. Bxc5 Qb7+ 38.
Kc3 Qc7 39. Bd4 1-0

[Event "SR 1. liga zapad 2011/2012"]
[Site "?"]
[Date "2011.11.12"]
[Round "3.5"]
[White "Sulek, Viliam"]
[Black "Diviak, Rastislav"]
[Result "0-1"]
[WhiteElo "2135"]
[BlackElo "2020"]
[PlyCount "80"]
[EventDate "2011.??.??"]

1. e4 c5 2. Nf3 d6 3. d4 cxd4 4. Nxd4 Nf6 5. Nc3 a6 6. Be2 e6 7. O-O Be7 8. Be3
O-O 9. f4 Qc7 10. Kh1 b5 11. a3 Bb7 12. Bf3 Nbd7 13. Qe1 Nc5 14. Bf2 Rfd8 15.
Bg3 Rac8 16. Rd1 Qb6 17. Nb3 Nxb3 18. cxb3 Qc7 19. Rc1 Qd7 20. b4 d5 21. e5 Ne4
22. Nxe4 dxe4 23. Rxc8 Rxc8 24. Bxe4 Bxe4 25. Qxe4 Qd2 26. f5 Rc1 27. Qf3 Qxb2
28. fxe6 Rxf1+ 29. Qxf1 fxe6 30. h3 Qxa3 31. Kh2 Qxb4 32. Qf3 Qc5 33. Qa8+ Bf8
34. Qxa6 Qd5 35. Qc8 b4 36. Qb8 Qc4 37. Be1 b3 38. Ba5 Qf4+ 39. Kh1 Qc1+ 40.
Kh2 b2 0-1

[Event "SR 1. liga zapad 2011/2012"]
[Site "?"]
[Date "2011.11.12"]
[Round "3.5"]
[White "Zetocha, Claudiu"]
[Black "Meszaros, Michal"]
[Result "1/2-1/2"]
[WhiteElo "2355"]
[BlackElo "2377"]
[PlyCount "65"]
[EventDate "2011.??.??"]

1. e4 e5 2. Nf3 Nc6 3. Bc4 Nf6 4. d3 Be7 5. c3 O-O 6. O-O d6 7. Re1 Na5 8. Bb5
a6 9. Ba4 b5 10. Bc2 c5 11. Nbd2 Re8 12. Nf1 h6 13. Bd2 Bf8 14. a4 Bb7 15. Ng3
g6 16. Qc1 Kh7 17. b4 cxb4 18. cxb4 Nc6 19. Qb2 Bg7 20. axb5 axb5 21. Rxa8 Bxa8
22. Bb3 Re7 23. Ra1 Bb7 24. Qa2 Qd7 25. Nf1 Nh5 26. Ne3 Nf4 27. Nd5 Nxg2 28.
Bd1 Nf4 29. Bxf4 exf4 30. Nxe7 Qxe7 31. Rb1 f5 32. Qe2 Ne5 33. Nxe5 1/2-1/2

[Event "SR 1. liga zapad 2011/2012"]
[Site "?"]
[Date "2011.11.12"]
[Round "3.6"]
[White "Breja, Stanislav"]
[Black "Doucha, Ludvik"]
[Result "1/2-1/2"]
[WhiteElo "2066"]
[BlackElo "2102"]
[PlyCount "28"]
[EventDate "2011.??.??"]

1. e4 e5 2. Nf3 d6 3. d4 exd4 4. Nxd4 g6 5. Bc4 Bg7 6. O-O Nc6 7. c3 Nge7 8.
Be3 O-O 9. Nd2 Nxd4 10. Bxd4 Bxd4 11. cxd4 d5 12. Bb3 dxe4 13. Nxe4 Nf5 14. d5
Nd6 1/2-1/2

[Event "SR 1. liga zapad 2011/2012"]
[Site "?"]
[Date "2011.11.12"]
[Round "3.6"]
[White "Castiglione, Mario"]
[Black "Likavsky, Tomas"]
[Result "1-0"]
[WhiteElo "2282"]
[BlackElo "2486"]
[PlyCount "54"]
[EventDate "2011.??.??"]

1. d4 Nf6 2. c4 e6 3. Nc3 d5 4. Bg5 Nbd7 5. e3 c6 6. a3 a6 7. Nf3 h6 8. Bh4 g5
9. Bg3 Nh5 10. Be5 Nxe5 11. Nxe5 Nf6 12. h4 Nd7 13. Nxf7 Kxf7 14. Qh5+ Kg7 15.
Bd3 Qf6 16. hxg5 Qxg5 17. Qe2 Nf6 18. f4 Qg3+ 19. Kf1 Kf7 20. Rh3 Qg4 21. Qf2
Rg8 22. c5 Bd7 23. Re1 Ke7 24. e4 dxe4 25. Nxe4 Nxe4 26. Rxe4 Re8 27. f5 Qxf5
1-0

[Event "SR 1. liga zapad 2011/2012"]
[Site "?"]
[Date "2011.11.12"]
[Round "3.6"]
[White "Kovac, Andrej"]
[Black "Nicolini, Alexander"]
[Result "1-0"]
[WhiteElo "2154"]
[BlackElo "2154"]
[PlyCount "46"]
[EventDate "2011.??.??"]

1. d4 f5 2. Bg5 c5 3. e3 Qb6 4. Nc3 cxd4 5. exd4 Nf6 6. Qd2 g6 7. O-O-O Bg7 8.
Bh6 O-O 9. h4 Bxh6 10. Qxh6 Ng4 11. Qd2 h5 12. f3 Nf6 13. Qh6 Kf7 14. Nh3 Rg8
15. Bc4+ e6 16. d5 Na6 17. Rhe1 Nc5 18. Ng5+ Ke8 19. Nh7 Kf7 20. dxe6+ dxe6 21.
Nxf6 Kxf6 22. Nd5+ exd5 23. Qg5+ Kf7 1-0

[Event "SR 1. liga zapad 2011/2012"]
[Site "?"]
[Date "2011.11.12"]
[Round "3.6"]
[White "Lanc, Alois"]
[Black "Kubala, Jan"]
[Result "1-0"]
[WhiteElo "2367"]
[BlackElo "2240"]
[PlyCount "95"]
[EventDate "2011.??.??"]

1. e4 e6 2. d4 d5 3. Nc3 Nf6 4. Bg5 Be7 5. e5 Nfd7 6. Bxe7 Qxe7 7. f4 O-O 8.
Nf3 c5 9. dxc5 Nxc5 10. Bd3 f6 11. exf6 Rxf6 12. g3 Nc6 13. Qd2 Bd7 14. O-O-O
Be8 15. Rhe1 Rd8 16. Ne5 Qc7 17. Kb1 Nxe5 18. Rxe5 Nxd3 19. Qxd3 Bg6 20. Qd4 b6
21. Rd2 Rc8 22. a3 Qc4 23. Qxc4 Rxc4 24. Nb5 a6 25. Nd4 Kf7 26. b3 Rc8 27. Nf3
h6 28. Re3 Be4 29. Ne5+ Ke7 30. Kb2 g5 31. c4 gxf4 32. gxf4 Rg8 33. Nc6+ Kf7
34. Rf2 Rg2 35. Ne5+ Ke7 36. Rxg2 Bxg2 37. Rg3 Be4 38. Rg7+ Ke8 39. Rg4 Ke7 40.
Kc3 Kd6 41. Kd4 Kc7 42. b4 Rf8 43. c5 bxc5+ 44. bxc5 Rb8 45. Rg7+ Kc8 46. Nd7
Rb2 47. Nb6+ Kd8 48. Ke5 1-0

[Event "SR 1. liga zapad 2011/2012"]
[Site "?"]
[Date "2011.11.12"]
[Round "3.6"]
[White "Lukac, Roman"]
[Black "Hacik, Radomir"]
[Result "0-1"]
[WhiteElo "2165"]
[BlackElo "2158"]
[PlyCount "78"]
[EventDate "2011.??.??"]

1. e4 c6 2. d4 d5 3. e5 Bf5 4. Nc3 e6 5. g4 Bg6 6. Nge2 c5 7. h4 h6 8. Nf4 Bh7
9. Bd3 cxd4 10. Bxh7 dxc3 11. Bd3 Nc6 12. bxc3 Nxe5 13. Bb5+ Nc6 14. Rh3 Bc5
15. a4 Nge7 16. Qe2 a6 17. Bxc6+ bxc6 18. Nd3 Bd6 19. h5 Rb8 20. Be3 e5 21. a5
e4 22. Nc5 Bxc5 23. Bxc5 Rb5 24. Bb6 Qd6 25. Kf1 O-O 26. c4 Rb4 27. cxd5 cxd5
28. Qxa6 Rc4 29. c3 Rfc8 30. Qb7 Rxc3 31. Rxc3 Rxc3 32. Kg1 Qe6 33. Qb8+ Kh7
34. Be3 Qxg4+ 35. Kf1 Nf5 36. Qf4 Nxe3+ 37. fxe3 Qh3+ 38. Ke2 Qg2+ 39. Kd1 Qg1+
0-1

[Event "SR 1. liga zapad 2011/2012"]
[Site "?"]
[Date "2011.11.12"]
[Round "3.6"]
[White "Miklas, Marian"]
[Black "Dolnak, Michal"]
[Result "1/2-1/2"]
[WhiteElo "2143"]
[BlackElo "2098"]
[PlyCount "61"]
[EventDate "2011.??.??"]

1. Nf3 Nf6 2. c4 e6 3. g3 d5 4. Bg2 Nc6 5. O-O Be7 6. d4 O-O 7. b3 Ne4 8. e3
Bd7 9. Nfd2 f5 10. Nxe4 fxe4 11. f3 exf3 12. Bxf3 dxc4 13. bxc4 e5 14. d5 Nb4
15. Nc3 Bh3 16. Bg2 Bxg2 17. Kxg2 Rxf1 18. Qxf1 c6 19. a3 Qa5 20. Bd2 Nc2 21.
Qf5 Nxa1 22. Qe6+ Kf8 23. d6 Qd8 24. Ne4 Nb3 25. Bb4 c5 26. Nxc5 Nxc5 27. Bxc5
Bf6 28. d7+ Be7 29. Qf5+ Kg8 30. Qe6+ Kf8 31. Qf5+ 1/2-1/2

[Event "SR 1. liga zapad 2011/2012"]
[Site "?"]
[Date "2011.11.12"]
[Round "3.6"]
[White "Sosovicka, Juraj"]
[Black "Drtina, Milan"]
[Result "1/2-1/2"]
[WhiteElo "2198"]
[BlackElo "2247"]
[PlyCount "81"]
[EventDate "2011.??.??"]

1. e4 e5 2. Nf3 Nc6 3. d4 exd4 4. Nxd4 Nge7 5. Nc3 d6 6. Be3 Nxd4 7. Qxd4 Nc6
8. Qd2 Be7 9. Nd5 O-O 10. O-O-O f5 11. Bc4 Kh8 12. exf5 Bxf5 13. Nxe7 Qxe7 14.
Rhe1 Qd7 15. f3 Ne5 16. Bb3 a5 17. Bd4 a4 18. Bd5 Nc6 19. Bc3 Rae8 20. Qg5 Bg6
21. Rxe8 Rxe8 22. Qd2 Nd8 23. Re1 c6 24. Bc4 d5 25. Rxe8+ Bxe8 26. Bd3 d4 27.
Bb4 b6 28. Qf4 Ne6 29. Qd6 c5 30. Qxd7 Bxd7 31. Bd2 Kg8 32. c3 dxc3 33. Bxc3 b5
34. Bf5 g6 35. Bxe6+ Bxe6 36. a3 Kf7 37. Kd2 Ba2 38. Ba5 Ke6 39. Kc3 Kd5 40.
Bc7 Bc4 41. h4 1/2-1/2

[Event "SR 1. liga zapad 2011/2012"]
[Site "?"]
[Date "2011.11.12"]
[Round "3.6"]
[White "Stetina, Erik"]
[Black "Eged, Igor"]
[Result "0-1"]
[WhiteElo "2042"]
[BlackElo "2064"]
[PlyCount "94"]
[EventDate "2011.??.??"]

1. e4 e6 2. d4 d5 3. Nd2 dxe4 4. Nxe4 Nf6 5. Nxf6+ Qxf6 6. Nf3 h6 7. g3 Nd7 8.
Bg2 Bd6 9. O-O O-O 10. Re1 Rd8 11. c4 c6 12. Bd2 Qe7 13. Bc3 Bb4 14. Qb3 Bxc3
15. bxc3 Nf6 16. Rab1 Qc7 17. Ne5 Nd7 18. Nd3 b6 19. a4 Rb8 20. f4 g6 21. Qa3
Ba6 22. Nb4 Bb7 23. Nc2 c5 24. Bxb7 Rxb7 25. Ne3 Rbb8 26. Red1 Rbc8 27. Ra1 Nf8
28. a5 Rd6 29. axb6 axb6 30. Qa6 cxd4 31. cxd4 Rcd8 32. Nc2 Qc6 33. Rab1 Qe4
34. Rbc1 Nd7 35. Qb5 Nf6 36. Qe5 Kg7 37. Re1 Qc6 38. g4 Qf3 39. g5 Qg4+ 40. Kh1
Qf3+ 41. Kg1 Qg4+ 42. Kf2 Qh4+ 43. Ke2 Qxh2+ 44. Kd3 hxg5 45. Qxg5 Nh5 46. Rh1
Qxf4 47. Rxh5 Qf3+ 0-1

[Event "SR 1. liga zapad 2011/2012"]
[Site "?"]
[Date "2011.11.13"]
[Round "4.1"]
[White "Gorusa, Miroslav"]
[Black "Gazi, Mikulas"]
[Result "1-0"]
[WhiteElo "2213"]
[BlackElo "2116"]
[PlyCount "97"]
[EventDate "2011.??.??"]

1. d4 Nf6 2. c4 g6 3. Nc3 d5 4. Nf3 Bg7 5. Qb3 dxc4 6. Qxc4 O-O 7. e4 Nfd7 8.
Be3 b6 9. O-O-O Ba6 10. Qa4 Bxf1 11. Rhxf1 c6 12. h4 b5 13. Qc2 Qa5 14. Kb1 Na6
15. Ne2 Rfc8 16. Nc1 c5 17. d5 c4 18. Bd4 b4 19. Bxg7 Kxg7 20. Nd4 Ne5 21. f4
Ng4 22. Qe2 h5 23. f5 Nc5 24. fxg6 fxg6 25. Nc6 Qb5 26. b3 a5 27. bxc4 Qb7 28.
Qb2+ Kg8 29. Qd4 Rxc6 30. dxc6 Qxc6 31. Rde1 e5 32. Qd5+ Qxd5 33. cxd5 Kg7 34.
Nb3 Na4 35. Nd2 Nc3+ 36. Kb2 Nb5 37. Rc1 Ra7 38. Rc8 Nf6 39. Re1 Nd6 40. Rc6
Nb5 41. Nf3 Ng4 42. Re6 a4 43. Rb6 Ra5 44. d6 Nf6 45. d7 a3+ 46. Ka1 Nxd7 47.
Rb7 b3 48. Rxd7+ Kf6 49. axb3 1-0

[Event "SR 1. liga zapad 2011/2012"]
[Site "?"]
[Date "2011.11.13"]
[Round "4.1"]
[White "Hagara, Eduard"]
[Black "Tibensky, Robert"]
[Result "1/2-1/2"]
[WhiteElo "2388"]
[BlackElo "2410"]
[PlyCount "25"]
[EventDate "2011.??.??"]

1. d4 d5 2. Nf3 Nf6 3. e3 g6 4. c4 Bg7 5. Nc3 O-O 6. Qb3 e6 7. Bd2 c6 8. Bd3
Nbd7 9. O-O a6 10. a4 b6 11. Rfd1 Rb8 12. Bf1 Bb7 13. Rac1 1/2-1/2

[Event "SR 1. liga zapad 2011/2012"]
[Site "?"]
[Date "2011.11.13"]
[Round "4.1"]
[White "Hartl, Jan"]
[Black "Maros, Milan"]
[Result "1/2-1/2"]
[WhiteElo "2189"]
[BlackElo "2336"]
[PlyCount "48"]
[EventDate "2011.??.??"]

1. e4 e5 2. Nf3 Nc6 3. Bc4 Bc5 4. O-O Nf6 5. d3 d6 6. h3 a6 7. c3 O-O 8. d4 Ba7
9. Re1 Nxe4 10. Bd5 Nf6 11. Bxc6 bxc6 12. dxe5 Nd5 13. c4 Ne7 14. Nc3 Be6 15.
b3 d5 16. Ba3 Re8 17. Qe2 Ng6 18. Rad1 f6 19. c5 Bd7 20. e6 Bxe6 21. Qd2 Qd7
22. Nd4 Nf8 23. Re3 Bf7 24. Rde1 Ne6 1/2-1/2

[Event "SR 1. liga zapad 2011/2012"]
[Site "?"]
[Date "2011.11.13"]
[Round "4.1"]
[White "Kimerling, Martin"]
[Black "Debnar, Lubos"]
[Result "1/2-1/2"]
[WhiteElo "2015"]
[BlackElo "2266"]
[PlyCount "41"]
[EventDate "2011.??.??"]

1. d4 Nf6 2. c4 e6 3. g3 Bb4+ 4. Nc3 O-O 5. Bg2 c5 6. Nf3 Nc6 7. O-O Bxc3 8.
bxc3 b6 9. Ne5 Bb7 10. Nxc6 Bxc6 11. Bxc6 dxc6 12. Ba3 Qc7 13. dxc5 Rfd8 14.
Qc2 Qe5 15. cxb6 axb6 16. Be7 Rd7 17. Bxf6 gxf6 18. Rfd1 Rxd1+ 19. Rxd1 Kg7 20.
Rd7 Ra3 21. Rxf7+ 1/2-1/2

[Event "SR 1. liga zapad 2011/2012"]
[Site "?"]
[Date "2011.11.13"]
[Round "4.1"]
[White "Michal, Silvio"]
[Black "Skreno, Vladimir"]
[Result "1/2-1/2"]
[WhiteElo "2108"]
[BlackElo "2178"]
[PlyCount "78"]
[EventDate "2011.??.??"]

1. c4 Nf6 2. Nc3 g6 3. g3 Bg7 4. Bg2 c6 5. e4 d6 6. d4 O-O 7. Nge2 e5 8. O-O
Nbd7 9. h3 Re8 10. dxe5 dxe5 11. Be3 Qc7 12. Qc2 Nf8 13. Rad1 Be6 14. b3 Rad8
15. Rxd8 Rxd8 16. Rd1 b6 17. Rxd8 Qxd8 18. Qd2 Qxd2 19. Bxd2 Bc8 20. Be3 Ne6
21. Kf1 Bf8 22. Ke1 Bb4 23. Kd1 Kg7 24. Kc2 Nd7 25. Na4 f6 26. Nb2 Bc5 27. Bxc5
Ndxc5 28. b4 Nb7 29. Kd3 Nd6 30. h4 Nc7 31. a3 Kf7 32. Nc3 Be6 33. Bf1 Ke7 34.
Ke3 Bf7 35. Bd3 Ne6 36. Ne2 h6 37. f4 g5 38. hxg5 hxg5 39. f5 Nc7 1/2-1/2

[Event "SR 1. liga zapad 2011/2012"]
[Site "?"]
[Date "2011.11.13"]
[Round "4.1"]
[White "Ondrus, Martin"]
[Black "Janos, Ivan"]
[Result "1-0"]
[WhiteElo "2301"]
[BlackElo "2142"]
[PlyCount "37"]
[EventDate "2011.??.??"]

1. e4 c5 2. Nf3 d6 3. d4 cxd4 4. Nxd4 Nf6 5. Nc3 g6 6. f3 a6 7. Be3 b5 8. Qd2
Bb7 9. g4 Nbd7 10. O-O-O Nb6 11. Bd3 b4 12. Nce2 Nfd7 13. Qxb4 a5 14. Qd2 e5
15. Nb5 Nc5 16. Nec3 Ba6 17. Be2 Nb7 18. Bxb6 Qxb6 19. Nd5 1-0

[Event "SR 1. liga zapad 2011/2012"]
[Site "?"]
[Date "2011.11.13"]
[Round "4.1"]
[White "Pinter, Patrik"]
[Black "Srna, Jan"]
[Result "1/2-1/2"]
[WhiteElo "2185"]
[BlackElo "2002"]
[PlyCount "140"]
[EventDate "2011.??.??"]

1. e4 e6 2. d4 d5 3. Nd2 a6 4. Ngf3 c5 5. g3 Nf6 6. exd5 Nxd5 7. Bg2 Nc6 8. O-O
Be7 9. dxc5 Bxc5 10. Ne4 Be7 11. c4 Nf6 12. Qe2 Nxe4 13. Qxe4 O-O 14. a3 Bf6
15. Rb1 e5 16. Be3 g6 17. Rbd1 Qc7 18. Bc5 Be7 19. Bxe7 Qxe7 20. Rfe1 Re8 21.
b4 f6 22. c5 Be6 23. Rd2 Rad8 24. Red1 Rxd2 25. Rxd2 Rd8 26. Qe1 Bd5 27. Qd1
Bxf3 28. Rxd8+ Qxd8 29. Qxd8+ Nxd8 30. Bxf3 Kf8 31. Kf1 Ke7 32. Bd5 Kd7 33. Ke2
Kc7 34. Kd3 Nc6 35. f4 exf4 36. gxf4 Ne7 37. Be6 h6 38. Kd4 Kc6 39. Kc4 g5 40.
fxg5 hxg5 41. a4 Kc7 42. b5 axb5+ 43. axb5 b6 44. Kd4 Ng6 45. c6 Kd6 46. Bd5
Ne7 47. Be4 Kc7 48. Ke3 Kd6 49. Kf2 f5 50. Bg2 Nc8 51. Ke3 Ne7 52. Bf1 Nxc6 53.
bxc6 Kxc6 54. Bd3 Kd6 55. Bxf5 Ke5 56. Bd3 g4 57. Bb5 Kf5 58. Bc6 Ke5 59. Bd7
Kd6 60. Bb5 Ke5 61. Bd3 Kf6 62. Kf4 b5 63. Bxb5 Kg6 64. Be8+ Kf6 65. Bh5 Kg7
66. Kg5 Kh7 67. Bg6+ Kg7 68. Bf5 Kh8 69. Kg6 Kg8 70. Be4 Kh8 1/2-1/2

[Event "SR 1. liga zapad 2011/2012"]
[Site "?"]
[Date "2011.11.13"]
[Round "4.1"]
[White "Zacik, Anton"]
[Black "Jancovic, Peter"]
[Result "0-1"]
[WhiteElo "2000"]
[BlackElo "2149"]
[PlyCount "130"]
[EventDate "2011.??.??"]

1. e4 c5 2. d4 cxd4 3. c3 d3 4. Bxd3 Nc6 5. Nf3 g6 6. Be3 Bg7 7. Qd2 d6 8. h3
Qa5 9. Na3 Be6 10. Ng5 Bd7 11. Nc4 Qc7 12. Nf3 b5 13. Na3 a6 14. O-O Rb8 15.
Nc2 Na5 16. Nb4 Qc8 17. Nd5 Nc4 18. Bxc4 Qxc4 19. Nb6 Qxe4 20. Nxd7 Kxd7 21.
Ng5 Qc4 22. b3 Qxc3 23. Qxc3 Bxc3 24. Rac1 Bb2 25. Rc2 h6 26. Nxf7 Rh7 27. Nxh6
Nxh6 28. Bxh6 Rxh6 29. Rxb2 Rc8 30. f4 Rh5 31. Rbf2 e6 32. Rf3 Ke7 33. g4 Rd5
34. Kg2 Kf6 35. Kg3 Rd2 36. R1f2 Rd1 37. Rf1 Rd4 38. h4 b4 39. R1f2 Rc1 40. Rf1
Rc5 41. R1f2 Re4 42. Rd2 d5 43. Rfd3 a5 44. Kf3 Re1 45. Re2 Rf1+ 46. Kg3 Rc3
47. g5+ Kf7 48. Red2 Ra1 49. Rf3 Rg1+ 50. Rg2 Rf1 51. Rgf2 Rxf2 52. Kxf2 Rc2+
53. Ke3 Rxa2 54. Rh3 a4 55. Kd4 a3 56. h5 gxh5 57. Rxh5 Ra1 58. Rh2 a2 59. Rd2
Kg7 60. f5 exf5 61. Kxd5 Kg6 62. Kd4 Kxg5 63. Kd3 Kg4 64. Rd1 Rxd1+ 65. Kc2
Rd2+ 0-1

[Event "SR 1. liga zapad 2011/2012"]
[Site "?"]
[Date "2011.11.13"]
[Round "4.2"]
[White "Antol, Ladislav"]
[Black "Reisel, Frantisek"]
[Result "1-0"]
[WhiteElo "2080"]
[BlackElo "2085"]
[PlyCount "51"]
[EventDate "2011.??.??"]

1. e4 c6 2. d4 d6 3. f4 g6 4. Nf3 Bg7 5. Bd3 Nh6 6. O-O d5 7. e5 Bf5 8. Nc3
Bxd3 9. Qxd3 e6 10. Nd1 Na6 11. a3 Nf5 12. g4 Nh4 13. Ne3 h5 14. Nxh4 Qxh4 15.
g5 Qh3 16. Qe2 O-O 17. Rf3 Qxf3 18. Qxf3 c5 19. dxc5 Nxc5 20. b4 Na4 21. c4 d4
22. Nd1 b6 23. Qb3 b5 24. c5 Rfd8 25. Qd3 a6 26. Nf2 1-0

[Event "SR 1. liga zapad 2011/2012"]
[Site "?"]
[Date "2011.11.13"]
[Round "4.2"]
[White "Dobrotka, Martin"]
[Black "Maslik, Miroslav"]
[Result "0-1"]
[WhiteElo "2259"]
[BlackElo "2356"]
[PlyCount "70"]
[EventDate "2011.??.??"]

1. d4 c5 2. Nf3 cxd4 3. Nxd4 d5 4. e3 Nf6 5. c4 e5 6. Nc2 Nc6 7. cxd5 Qxd5 8.
Qxd5 Nxd5 9. e4 Ndb4 10. Nxb4 Nxb4 11. Na3 Bc5 12. Bb5+ Ke7 13. Ke2 Be6 14. Bd2
Rac8 15. Bc4 Nc6 16. Bxe6 Nd4+ 17. Kd1 Nxe6 18. Nc4 Bxf2 19. Nxe5 Nc5 20. Bb4
Rhd8+ 21. Ke2 Ke6 22. Ng4 Bd4 23. Rac1 Nxe4 24. Rxc8 Rxc8 25. Kd3 Bxb2 26. Re1
f5 27. Nf2 Bc3 28. Bxc3 Rxc3+ 29. Kd4 Ra3 30. Nxe4 Ra4+ 31. Kc5 fxe4 32. Re2
Ke5 33. Rb2 b6+ 34. Kb5 Ra5+ 35. Kc6 e3 0-1

[Event "SR 1. liga zapad 2011/2012"]
[Site "?"]
[Date "2011.11.13"]
[Round "4.2"]
[White "Garban, Mario"]
[Black "Machalova, Maria"]
[Result "1/2-1/2"]
[WhiteElo "1994"]
[BlackElo "2184"]
[PlyCount "97"]
[EventDate "2011.??.??"]

1. e4 c5 2. Nf3 Nc6 3. c3 d5 4. exd5 Qxd5 5. d4 cxd4 6. cxd4 e5 7. Nc3 Bb4 8.
Bd2 Bxc3 9. Bxc3 e4 10. Ne5 Nxe5 11. dxe5 Ne7 12. Qd4 Qxd4 13. Bxd4 Be6 14.
Bb5+ Bd7 15. Bxd7+ Kxd7 16. O-O-O Ke6 17. Rde1 Rhc8+ 18. Kb1 Rc4 19. Rd1 Rac8
20. Bxa7 Nc6 21. b3 Rc3 22. Bd4 Nxd4 23. Rxd4 Kxe5 24. Rd7 R8c7 25. Rhd1 Rc1+
26. Rxc1 Rxd7 27. Rc5+ Kd4 28. Rc1 Re7 29. Re1 f5 30. Kc2 f4 31. Rd1+ Ke5 32.
Rd8 g5 33. Kd2 Kf5 34. h3 e3+ 35. Ke2 exf2+ 36. Kxf2 Rc7 37. Rd5+ Kf6 38. Rd6+
Ke5 39. Rh6 Ke4 40. Re6+ Kf5 41. Rh6 Ke4 42. Re6+ Kd5 43. Rh6 Kd4 44. a4 Rc2+
45. Kg1 Rc1+ 46. Kf2 Rc2+ 47. Kg1 Rc7 48. Kf2 Rc2+ 49. Kg1 1/2-1/2